| 000 | 00491nam a2200181Ia 4500 | ||
|---|---|---|---|
| 001 | 19406 | ||
| 005 | 20260306172650.0 | ||
| 008 | 260306t2012||||xx |||||||||||||| ||spa|| | ||
| 041 | _aESP | ||
| 082 |
_a659.111 _bA193 |
||
| 100 |
_aAyestarán Crespo, Raquel _eAUT |
||
| 245 | 0 |
_aPlanificación estrategica y gestión de la publicidad: _bconectando con el consumidor |
|
| 260 | _c2012 | ||
| 300 |
_a350 páginas : _c24 cm. |
||
| 650 | _aGEN | ||
| 654 | _aCAN | ||
| 942 |
_cLIB _dJUS _fJUS _2ddc _n |
||
| 999 |
_c19406 _d19406 |
||